000 00719nam a2200181 i 4500
001 20813
003 ES-MaACL
005 20230906152352.0
007 t|
008 021118s1859 sp ||||1| spa d
100 1 _aAlabern, Camilo.
_919067
245 1 0 _aGaleria de cuadros escogidos del Real Museo de Pinturas de Madrid grabados sobre acero por el sistema alemán, francés
_b: con texto histórico y descriptivo /
_cpublicada por Camilo Alabern.
260 _aMadrid :
_b[s.n.],
_c1859 (
_fImp. de Tejado)
300 _a55 p., 23 lám. ;
_c29 cm.
650 4 _aPintura renacentista-
_zMuseo Nacional del Prado.
_9155611
650 4 _aPintura barroca-
_zMuseo Nacional del Prado.
_9155612
852 _aES-MaACL
_jF-14526
999 _c20813
_d20813